01010nam a22002777a 4500999001500000001000600015003000900021005001700030008004100047020001800088020001500106040002800121082001600149100002400165245007700189250001300266260005300279300004600332504005100378650002000429700002200449700002100471942001200492952011400504952011400618 c6524d652420708BD-DhUAP20210103155011.0210103s2018 ii a b 001 0 eng d a9781259253409 a1259253406 aDLCcDLCdBD-DhUAPbEng00223a339 DOR1 aDornbusch, Rudiger.10aMacroeconomics /cRudiger Dornbusch, Stanley Fischer and Richard Startz. a13th ed. aNew Delhi :bTata McGraw-Hill Education,cc2018. axiv, 656 pages :billustrations ;c25 cm. aIncludes bibliographical references and index. 0aMacroeconomics.1 aFischer, Stanley.1 aStartz, Richard. 2ddccBK 00102ddc4070aUAPCLbUAPCLcGeneral Stacksd2021-01-03o339 DORp3010020708r2021-01-03t1w2021-01-03yBK 00102ddc4070aUAPCLbUAPCLcGeneral Stacksd2021-01-04o339 DORp3010020709r2021-01-04t2w2021-01-04yBK